| 000 | 00386nam a22001577a 4500 | ||
|---|---|---|---|
| 999 |
_c15667 _d15667 |
||
| 003 | OSt | ||
| 008 | 190524b ||||| |||| 00| 0 eng d | ||
| 020 | _a9788172334208 | ||
| 082 |
_a576 _bJAM/GE |
||
| 100 |
_aJamaluddin. _94157 |
||
| 245 | _aGeneral Microbiology | ||
| 260 |
_aJodhpur _bScientific Publishers _c2019 |
||
| 300 | _a422 p. | ||
| 700 |
_aMalviya Naveen. _94158 |
||
| 942 | _cBK | ||